<?xml version="1.0" encoding="UTF-8"?>
<record
    xmlns:xsi="http://www.w3.org/2001/XMLSchema-instance"
    xsi:schemaLocation="http://www.loc.gov/MARC21/slim http://www.loc.gov/standards/marcxml/schema/MARC21slim.xsd"
    xmlns="http://www.loc.gov/MARC21/slim">

  <leader>00985na  a2200301   4500</leader>
  <controlfield tag="001">24535</controlfield>
  <controlfield tag="003">MIRAKIL</controlfield>
  <controlfield tag="005">20181213155336.0</controlfield>
  <controlfield tag="008">181128b        tu            000 0      </controlfield>
  <datafield tag="020" ind1=" " ind2=" ">
    <subfield code="a">9753434626</subfield>
  </datafield>
  <datafield tag="035" ind1=" " ind2=" ">
    <subfield code="a">15239</subfield>
  </datafield>
  <datafield tag="040" ind1=" " ind2=" ">
    <subfield code="a">Milas</subfield>
    <subfield code="b">tur</subfield>
    <subfield code="c">TR-AnCHP</subfield>
  </datafield>
  <datafield tag="041" ind1=" " ind2=" ">
    <subfield code="a">tur</subfield>
  </datafield>
  <datafield tag="082" ind1=" " ind2=" ">
    <subfield code="a">956.101591992</subfield>
    <subfield code="b">P36b 2012</subfield>
  </datafield>
  <datafield tag="090" ind1=" " ind2=" ">
    <subfield code="a">956.101591992 P36b 2012</subfield>
  </datafield>
  <datafield tag="100" ind1=" " ind2=" ">
    <subfield code="a">Perin&#xE7;ek, Mehmet</subfield>
    <subfield code="d">1933-</subfield>
  </datafield>
  <datafield tag="245" ind1=" " ind2=" ">
    <subfield code="a">Boryan'&#x131;n g&#xF6;z&#xFC;yle T&#xFC;rk-Ermeni &#xE7;at&#x131;&#x15F;mas&#x131;</subfield>
    <subfield code="c">Mehmet Perin&#xE7;ek</subfield>
  </datafield>
  <datafield tag="260" ind1=" " ind2=" ">
    <subfield code="a">&#x130;stanbul</subfield>
    <subfield code="b">Kaynak Yay&#x131;nlar&#x131;</subfield>
    <subfield code="c">2012</subfield>
  </datafield>
  <datafield tag="300" ind1=" " ind2=" ">
    <subfield code="a">92 s.</subfield>
    <subfield code="c">20 sm.</subfield>
  </datafield>
  <datafield tag="440" ind1=" " ind2=" ">
    <subfield code="a">kaynak yay&#x131;nlar&#x131;</subfield>
    <subfield code="v">459</subfield>
  </datafield>
  <datafield tag="490" ind1=" " ind2=" ">
    <subfield code="a">Ermeni belgeleriyle Ermeni soyk&#x131;r&#x131;m&#x131; yalan&#x131;</subfield>
    <subfield code="v">5</subfield>
  </datafield>
  <datafield tag="500" ind1=" " ind2=" ">
    <subfield code="a">D&#x131;&#x15F; kapakta yap&#x131;t ad&#x131;: Ermeni devlet adam&#x131; B. A. Boryan'&#x131;n g&#xF6;z&#xFC;yle T&#xFC;rk-Ermeni &#xE7;at&#x131;&#x15F;mas&#x131;</subfield>
  </datafield>
  <datafield tag="504" ind1=" " ind2=" ">
    <subfield code="a">Kaynak&#xE7;a var</subfield>
  </datafield>
  <datafield tag="650" ind1=" " ind2=" ">
    <subfield code="a">Ermeni sorunu</subfield>
    <subfield code="x">Tarih</subfield>
    <subfield code="y">Belgeler</subfield>
  </datafield>
  <datafield tag="650" ind1=" " ind2=" ">
    <subfield code="a">Ermeniler</subfield>
    <subfield code="x">Tarih</subfield>
    <subfield code="z">T&#xFC;rkiye</subfield>
  </datafield>
  <datafield tag="651" ind1=" " ind2=" ">
    <subfield code="a">Ermenistan</subfield>
    <subfield code="x">Tarih</subfield>
    <subfield code="y">20. y&#xFC;zy&#x131;l</subfield>
  </datafield>
  <datafield tag="942" ind1=" " ind2=" ">
    <subfield code="2">dcc</subfield>
    <subfield code="c">BKS</subfield>
  </datafield>
  <datafield tag="952" ind1=" " ind2=" ">
    <subfield code="a">0001</subfield>
    <subfield code="b">0001</subfield>
    <subfield code="d">2018-11-28</subfield>
    <subfield code="e">2</subfield>
    <subfield code="l">0</subfield>
    <subfield code="o">956.101591992 P36b 2012</subfield>
    <subfield code="p">018450</subfield>
    <subfield code="r">2018-11-28 00:00:00</subfield>
    <subfield code="v">0.00</subfield>
    <subfield code="w">2018-11-28</subfield>
    <subfield code="x">Ba&#x11F;&#x131;&#x15F;layan:  Ertu&#x11F;rul &#xC7;epni</subfield>
    <subfield code="y">BKS</subfield>
  </datafield>
  <datafield tag="999" ind1=" " ind2=" ">
    <subfield code="c">10879</subfield>
    <subfield code="d">10879</subfield>
  </datafield>
</record>
